MARC

LEADER 00000nam0a2200000 4500
001 330603
005 20231102004257.0
035 |a (RuTPU)RU\TPU\book\356378 
090 |a 330603 
100 |a 20170407d1971 km y0rusy50 ca 
101 0 |a rus 
102 |a RU 
105 |a a z 001zy 
200 1 |a Магниетермия  |f Г. В. Самсонов, В. П. Перминов 
210 |a Москва  |c Металлургия  |d 1971 
215 |a 174 с.  |c ил. 
320 |a Библиогр.: с. 166-174 
606 1 |a Металлы тугоплавкие  |x Магниетермия  |2 stltpush  |3 (RuTPU)RU\TPU\subj\43374  |9 62883 
610 1 |a магний 
610 1 |a металлы 
610 1 |a сплавы 
610 1 |a бор 
610 1 |a безмагниевые соединения 
610 1 |a металлоподобные соединения 
610 1 |a окислы 
610 1 |a галогениды 
610 1 |a металлохимия 
610 1 |a термодинамика 
675 |a 669.721  |v 4 
700 1 |a Самсонов  |b Г. В.  |g Григорий Валентинович 
701 1 |a Перминов  |b В. П.  |g Владислав Петрович 
801 1 |a RU  |b 63413507  |c 20170407 
801 2 |a RU  |b 63413507  |c 20170410  |g RCR 
942 |c BK